Čriepky o konferencii Fórum 2000

Bibliographic Details
Main Author: Huba, Mikuláš, 1954- (Adapter)
Format: Article
Language:Slovak
ISSN:0044-4863
Subjects:

MARC

LEADER 00000nab a2200000 a 4500
001 vtls000687394
003 SK-MaSNL
005 20260304091256.0
008 250425c1998 xo 0 slo
015 |a SNBRB1999/02-05050 
035 |a CLN000039561 
035 |a urn:nbn:sk:snk-abbshw 
035 |a (urnnbn)urn:nbn:sk:snk:ar-006e67 
035 |a (uuid)03e3a083-faf8-4a32-912d-ca2a1e1d341e 
040 |a SNKBUCL  |b slo  |c SNKBUCL  |e AACR2 
041 0 |a slo 
044 |a xo  |c SK 
080 |a 304.9:061.3  |2 1997 
080 |a 339.9:061.3  |2 1997 
080 |a 504:061.3  |2 1997 
245 0 0 |a Čriepky o konferencii Fórum 2000  |c pripravil Mikuláš Huba 
611 1 7 |a Fórum 2000  |n 2.  |d 1998  |c Praha, Česko  |2 snkbucl  |9 890923 
650 0 7 |a globalizácia svetová  |x konferencie  |x 1998  |2 snkbucl  |9 1383380 
655 7 |a články z novín a časopisov  |2 snkbucl  |9 267496 
700 1 |a Huba, Mikuláš,  |d 1954-  |4 adp  |9 102715 
773 0 |t Životné prostredie  |g Roč. 32, č. 6 (1998), s. 283-284  |x 0044-4863 
850 |a Slovenská národná knižnica 
852 |a Slovenská národná knižnica 
954 |a odborná, vedecká literatúra pôvodná (slovenská)  |2 lita 
958 |a article15 
958 |a OND 
958 |a EUIPO 
992 |a RBX 
999 |c 2814912  |d 2816842